00538nam a22001697a 4500003000400000005001700004008004100021020001500062040000700077082001900084100003000103245005000133300001900183942001800202999001700220952013100237OSt20211208144044.0211208b |||||||| |||| 00| 0 eng d a0947885277 cHU a371.144GIB1988 a Gibbs, Graham922168 a53 interesting ways to appraise your teaching a168PbPCc21CM 2ddccBOOKSn0 c21877d21877 00102ddc40708REFa004b004cGENd2021-12-08l0o371.144GIB1988pWGCFNRL00007239r2021-12-08 00:00:00t1w2021-12-08yBOOKS